Teaching the Bible from the inside out. (Record no. 3807)

000 -LEADER
fixed length control field 00549nam a2200181 a 4500
001 - CONTROL NUMBER
control field :::00001542$&:&@@
003 - CONTROL NUMBER IDENTIFIER
control field OkBaRHE
005 - DATE AND TIME OF LATEST TRANSACTION
control field 20000607103244.0
008 - FIXED-LENGTH DATA ELEMENTS--GENERAL INFORMATION
fixed length control field s1978 j 000 0 eng u
040 ## - CATALOGING SOURCE
Transcribing agency
100 1# - MAIN ENTRY--PERSONAL NAME
Personal name Girard, Linda Walvoord.
245 10 - TITLE STATEMENT
Title Teaching the Bible from the inside out.
260 ## - PUBLICATION, DISTRIBUTION, ETC. (IMPRINT)
Place of publication, distribution, etc Elgin, IL., :
Name of publisher, distributor, etc David C. Cook Pub. Co.
Date of publication, distribution, etc c1978
300 ## - PHYSICAL DESCRIPTION
Extent 64 p. ;
Dimensions 22 cm.
650 ## - SUBJECT ADDED ENTRY--TOPICAL TERM
Topical term or geographic name as entry element Bible
General subdivision Study
942 ## - ADDED ENTRY ELEMENTS (KOHA)
Source of classification or shelving scheme
Koha item type Books
Copies
Date acquired Date last seen Damaged status Lost status Withdrawn status Source of classification or shelving scheme Not for loan Full call number Koha item type Permanent Location Price effective from Shelving location Barcode Copy number
2010-04-142010-04-14     BS 600 .G489BooksRHEMA Bible Training College2010-04-14General Stacks15421